[Event "Open Semana Santa 2023"]
[Site "?"]
[Date "2023.04.09"]
[Round "8.24"]
[White "FM Luque Saiz, Andres"]
[Black "IM Camacho Collados, Marcos"]
[Result "0-1"]
[WhiteElo "2309"]
[BlackElo "2465"]
[PlyCount "88"]

1. e4 c5 2. Nf3 d6 3. d4 cxd4 4. Nxd4 Nf6 5. Nc3 a6 6. h3 e5 7. Nde2 h5 8. Bg5
Be7 9. Ng3 h4 10. Nf5 Bxf5 11. exf5 Nbd7 12. Bc4 Rc8 13. Bb3 Nc5 14. O-O Qd7
15. Bxf6 Bxf6 16. Bd5 Qxf5 17. b4 Ne6 18. Ne4 Be7 19. Bxb7 Rd8 20. c4 Rh6 21.
Nc3 Rb8 22. Bc6+ Kf8 23. b5 a5 24. Rb1 Ng5 25. Ne2 d5 26. Bxd5 Bc5 27. Kh2 e4
28. Rb3 Bd6+ 29. Kg1 Qe5 30. f4 exf3 31. Rfxf3 Nxf3+ 32. Rxf3 Rf6 33. Kf1 Rxf3+
34. Bxf3 Bc5 35. Ke1 Re8 36. Qc1 Qd4 37. Qc2 Qf2+ 38. Kd2 Qf1 39. Qd3 Qa1 40.
Qb3 Re3 41. Qc2 Ra3 42. Nc1 Qd4+ 43. Ke1 Qg1+ 44. Kd2 Be3+ 0-1

[Event "Open Semana Santa 2023"]
[Site "?"]
[Date "2023.04.09"]
[Round "8.25"]
[White "FM Sinz, Bernhard"]
[Black "IM Murphy, Conor E"]
[Result "0-1"]
[WhiteElo "2314"]
[BlackElo "2450"]
[PlyCount "102"]

1. e4 e5 2. Nf3 Nc6 3. Bc4 Nf6 4. d4 exd4 5. e5 d5 6. Bb5 Nd7 7. O-O Be7 8.
Bxc6 bxc6 9. Nxd4 Nb8 10. Nc3 O-O 11. Qf3 a5 12. Re1 Ra6 13. Nf5 Bxf5 14. Qxf5
Nd7 15. Re3 g6 16. Rg3 Bh4 17. Rg4 Nxe5 18. Qxe5 Re8 19. Bg5 Rxe5 20. Bxd8 Bxd8
21. Kf1 Bf6 22. Na4 h5 23. Rf4 Be7 24. c4 Ra8 25. Rd1 Re8 26. Rfd4 Bb4 27. g3
Re1+ 28. Kg2 Rxd1 29. Rxd1 Re5 30. Rd4 Re4 31. Rxe4 dxe4 32. f3 exf3+ 33. Kxf3
Kg7 34. h3 Kf6 35. a3 Bd6 36. Nc3 Ke5 37. Ne2 Bc5 38. g4 hxg4+ 39. hxg4 Bd4 40.
Nc1 Bg1 41. a4 Bc5 42. g5 Be7 43. Nb3 Bb4 44. Ke3 c5 45. Nc1 Kf5 46. Nd3 Kxg5
47. Kf3 Kf5 48. Nf4 c6 49. Ne2 Ke5 50. b3 Bd2 51. Ng3 f5 0-1

[Event "Open Semana Santa 2023"]
[Site "?"]
[Date "2023.04.09"]
[Round "8.26"]
[White "GM Stella, Andrea"]
[Black "IM Candela Perez, Jose"]
[Result "1-0"]
[WhiteElo "2447"]
[BlackElo "2299"]
[PlyCount "75"]

1. d4 d5 2. c4 c6 3. Nc3 Nf6 4. e3 a6 5. Nf3 b5 6. b3 Bg4 7. a4 b4 8. Ne2 Bxf3
9. gxf3 e6 10. a5 c5 11. Bb2 dxc4 12. bxc4 cxd4 13. Nxd4 Bc5 14. f4 O-O 15. Nb3
Nbd7 16. Rg1 Qe7 17. Bd3 Rfd8 18. Qf3 g6 19. Rg5 Ba7 20. h4 Rac8 21. Qb7 Qd6
22. Rd1 Rc7 23. Qh1 Qe7 24. h5 Nf8 25. hxg6 fxg6 26. Ke2 Rcd7 27. Rgg1 Qf7 28.
Qh4 Ne8 29. Qg5 Ng7 30. Qe5 Qe7 31. c5 Rd5 32. Qxg7+ Qxg7 33. Bxg7 Kxg7 34.
Bxa6 Bb8 35. c6 Rxd1 36. Rxd1 Rxd1 37. Kxd1 e5 38. Bc4 1-0

[Event "Open Semana Santa 2023"]
[Site "?"]
[Date "2023.04.09"]
[Round "8.27"]
[White "GM Moskalenko, Viktor"]
[Black "Munoz Avila, Jose Luis"]
[Result "1-0"]
[WhiteElo "2443"]
[BlackElo "2237"]
[PlyCount "69"]

1. c4 c6 2. e4 e5 3. Nf3 d6 4. d4 Nd7 5. Nc3 Ngf6 6. g3 Be7 7. Bg2 O-O 8. O-O
a5 9. Re1 exd4 10. Nxd4 Nc5 11. b3 Re8 12. h3 Bf8 13. Bf4 Nfd7 14. Qc2 Qb6 15.
Red1 g6 16. Rab1 Ne6 17. Be3 Nxd4 18. Bxd4 Qc7 19. Re1 Nc5 20. Qd2 f5 21. Rbd1
Be6 22. exf5 Bxf5 23. g4 Be6 24. f4 Bf7 25. f5 a4 26. b4 Nd7 27. Ne4 d5 28.
cxd5 cxd5 29. Nc3 Nb6 30. fxg6 hxg6 31. Qf2 Bg7 32. Bxg7 Kxg7 33. Qd4+ Kh7 34.
Rf1 Rac8 35. Nb5 1-0

[Event "Open Semana Santa 2023"]
[Site "?"]
[Date "2023.04.09"]
[Round "8.28"]
[White "IM Gomez Ledo, Roberto Carlos"]
[Black "FM Lozano Ramirez, Nestor Favian"]
[Result "1/2-1/2"]
[WhiteElo "2437"]
[BlackElo "2235"]
[PlyCount "148"]

1. d4 g6 2. g3 Bg7 3. Bg2 c5 4. c3 Qa5 5. d5 d6 6. e4 Nf6 7. Ne2 O-O 8. O-O b5
9. Bf4 Nbd7 10. Nd2 Rb8 11. h3 Re8 12. Qc2 Qc7 13. Rad1 e6 14. dxe6 Rxe6 15. g4
h6 16. Bh2 Bb7 17. f3 Nd5 18. Nc4 bxc4 19. exd5 Re3 20. Ng3 Nb6 21. f4 Rd3 22.
f5 Nxd5 23. Rxd3 cxd3 24. Qxd3 c4 25. Qd2 Qb6+ 26. Rf2 Nf6 27. fxg6 fxg6 28. g5
hxg5 29. Qxg5 Bxg2 30. Kxg2 Qc6+ 31. Kg1 Ne4 32. Nxe4 Qxe4 33. Bxd6 Re8 34. Qf4
Qe6 35. Kh2 g5 36. Qg3 Rd8 37. Bc7 Rd3 38. Qg4 Be5+ 39. Bxe5 Qxe5+ 40. Kh1 Qd5+
41. Rg2 Rd1+ 42. Kh2 Rd2 43. h4 Rxg2+ 44. Qxg2 Qe5+ 45. Kh3 Qf5+ 46. Kh2 Qe5+
47. Qg3 Qe2+ 48. Kg1 Qd1+ 49. Kf2 Qc2+ 50. Kf3 Qf5+ 51. Kg2 Qe4+ 52. Qf3 Qxh4
53. Qa8+ Kh7 54. Qxa7+ Kg6 55. Qd4 g4 56. Qe4+ Kg7 57. Qe3 Kg6 58. a4 Kg7 59.
a5 Qh5 60. Qe7+ Kg8 61. Qe6+ Kg7 62. Qd7+ Kg8 63. Qc8+ Kh7 64. Qc7+ Kg6 65.
Qc6+ Kg7 66. Qc7+ Kg6 67. Qb6+ Kh7 68. a6 Qh3+ 69. Kg1 Qg3+ 70. Kf1 Qh3+ 71.
Ke1 Qh1+ 72. Ke2 Qf3+ 73. Ke1 Qh1+ 74. Kf2 Qf3+ 1/2-1/2

[Event "Open Semana Santa 2023"]
[Site "?"]
[Date "2023.04.09"]
[Round "8.29"]
[White "IM Lopez Mulet, Inigo"]
[Black "WFM Prado Acebo, Ines"]
[Result "1-0"]
[WhiteElo "2403"]
[BlackElo "2226"]
[PlyCount "67"]

1. d4 Nf6 2. c4 e6 3. g3 d5 4. Bg2 Be7 5. Nf3 O-O 6. Qc2 dxc4 7. Qxc4 a6 8. Qc2
c5 9. dxc5 Qa5+ 10. Nc3 Nc6 11. O-O Qxc5 12. a3 Qh5 13. Bg5 Nd4 14. Nxd4 Qxg5
15. Na4 Bd8 16. Rfd1 Rb8 17. Rac1 e5 18. Nf3 Qh5 19. Qc5 Bg4 20. Qa7 Be7 21.
Rc7 Rbd8 22. Re1 Bd6 23. Rxb7 e4 24. Nd4 Qa5 25. Nc3 Ra8 26. Nc6 Qh5 27. Qe3
Bd7 28. Rxd7 Nxd7 29. Qd4 Qc5 30. Rd1 Nb8 31. Bxe4 Qxd4 32. Rxd4 Bc5 33. Rc4
Nd7 34. Bf5 1-0

[Event "Open Semana Santa 2023"]
[Site "?"]
[Date "2023.04.09"]
[Round "8.30"]
[White "IM Veiga, Jose Francisco R P N"]
[Black "FM Martin Barcelo, Carles"]
[Result "1-0"]
[WhiteElo "2403"]
[BlackElo "2222"]
[Annotator "Usuario"]
[PlyCount "105"]

1. e4 c6 2. Nc3 d5 3. d4 dxe4 4. Nxe4 Nf6 5. Nxf6+ exf6 6. Be3 Bd6 7. Bd3 Na6
8. a3 Nc7 9. c4 O-O 10. Ne2 Ne6 11. O-O Re8 12. Qd2 g6 13. Rad1 f5 14. f4 c5
15. d5 Nf8 16. Nc3 a6 17. Rfe1 Bd7 18. Rb1 Qc7 19. g3 h5 20. b4 b6 21. Kg2 Rab8
22. Rb2 Nh7 23. Bf2 Nf6 $11 24. Reb1 h4 25. bxc5 bxc5 26. Rxb8 Rxb8 27. Rxb8+
Qxb8 28. Qc2 Ng4 29. Bg1 Qe8 30. Qe2 Qb8 31. Qc2 Qe8 32. Qd2 Qb8 33. Be2 Qb3
34. Qc1 Kh7 35. Nb1 Qa2 36. Nd2 Ba4 37. Bd3 Be7 38. gxh4 Bxh4 39. Bxc5 Bf6 40.
h3 Nh6 41. Kg3 g5 42. Nf3 gxf4+ 43. Qxf4 Bd1 44. Bf8 Bg7 45. Bxf5+ Kg8 46. Bxg7
Nxf5+ 47. Qxf5 Kxg7 48. Qg5+ Kf8 49. Qd2 Qb1 50. Qb4+ Qxb4 51. axb4 Ke7 52. Kf4
Kd6 53. Nd4 1-0

[Event "Open Semana Santa 2023"]
[Site "?"]
[Date "2023.04.09"]
[Round "8.31"]
[White "FM Domingo Nunez, Ruben"]
[Black "WIM Sharma Isha"]
[Result "1-0"]
[WhiteElo "2401"]
[BlackElo "2216"]
[Annotator "Usuario"]
[PlyCount "95"]

1. Nf3 Nf6 2. g3 d5 3. Bg2 Bg4 4. d3 c6 5. h3 Bxf3 6. Bxf3 e5 7. Bg2 Bd6 8. O-O
O-O 9. c4 dxc4 10. dxc4 Bc5 11. Qb3 Qb6 12. Qc2 Nbd7 13. Nc3 Qc7 14. a3 a5 15.
Na4 Be7 16. Be3 b6 17. Rfd1 Rac8 18. Rac1 Qb8 19. c5 Nd5 20. Bxd5 cxd5 21. Rxd5
Nxc5 22. Nxc5 Bxc5 23. Bxc5 Rxc5 24. Rxc5 bxc5 $11 25. Rd1 e4 26. Qc3 h6 27.
Rd5 Rc8 28. Re5 Qb7 29. Qc2 Qd7 30. Kg2 f5 31. Rxc5 Rxc5 32. Qxc5 a4 33. Qc4+
Kh7 34. b3 e3 35. b4 exf2 36. Kxf2 Qd6 37. Qc5 Qf6 38. b5 f4 39. b6 fxg3+ 40.
Kxg3 Qg6+ 41. Kf3 Qe6 42. h4 Qh3+ 43. Ke4 Qxh4+ 44. Kd5 Qh5+ 45. Kc6 Qe8+ 46.
Kb7 Qd7+ 47. Ka6 Qe6 48. Ka7 1-0

[Event "Open Semana Santa 2023"]
[Site "?"]
[Date "2023.04.09"]
[Round "8.32"]
[White "GM Cifuentes Parada, Roberto"]
[Black "Piqueras Guardiola, Francisco"]
[Result "0-1"]
[WhiteElo "2396"]
[BlackElo "2105"]
[PlyCount "110"]

1. d4 e6 2. Nf3 b6 3. e4 Bb7 4. Nc3 Bb4 5. Bd3 Nf6 6. Bg5 h6 7. Bxf6 Qxf6 8.
O-O O-O 9. Ne2 Qd8 10. Ng3 Be7 11. Qe2 c5 12. c3 d6 13. Rad1 Qc7 14. h4 Nd7 15.
h5 Rfe8 16. Nh2 cxd4 17. cxd4 Bf6 18. Rc1 Qd8 19. Nf3 a6 20. Rc3 b5 21. Bb1 Qb6
22. Qd2 Rac8 23. Re3 e5 24. Nf5 exd4 25. N3xd4 Bg5 26. f4 Bf6 27. Kh1 Rc5 28.
g4 Rc4 29. Rd1 Nc5 30. b3 Rxe4 31. Rxe4 Nxe4 32. Bxe4 Bxe4+ 33. Kh2 Rc7 34. Ng3
Bb7 35. Ndf5 Qc6 36. Qe2 Qf3 37. Qxf3 Bxf3 38. Rxd6 Rc2+ 39. Kg1 Rxa2 40. Nxh6+
gxh6 41. Rxf6 Rg2+ 42. Kf1 Rxg3 43. Kf2 Rh3 44. Rxh6 Bxg4 45. Rxa6 Rxh5 46. b4
Be6 47. Rb6 Bc4 48. Kg3 Kg7 49. Kg4 Be2+ 50. Kg3 Rh1 51. f5 Rb1 52. Kf4 Rxb4+
53. Ke5 Rh4 54. Rb8 Bc4 55. f6+ Kh7 0-1

[Event "Open Semana Santa 2023"]
[Site "?"]
[Date "2023.04.09"]
[Round "8.33"]
[White "FM Macias Pino, Diego"]
[Black "Dura Olmos, Gines Raul"]
[Result "1-0"]
[WhiteElo "2395"]
[BlackElo "2044"]
[PlyCount "67"]

1. e4 c5 2. Nc3 g6 3. d4 cxd4 4. Qxd4 Nf6 5. Nf3 Nc6 6. Qa4 d6 7. e5 dxe5 8.
Nxe5 Bd7 9. Nxd7 Nxd7 10. Bb5 Bg7 11. Bd2 O-O 12. O-O-O Nb6 13. Qh4 Qd4 14.
Qxd4 Nxd4 15. Bd3 Rac8 16. Rhe1 e6 17. Ne4 Nd5 18. Kb1 Rc6 19. c3 Nf5 20. g3
Rd8 21. Bg5 Rdc8 22. Bc2 Nd4 23. Ba4 Ra6 24. Bd7 Rc7 25. cxd4 Rxd7 26. Nc5 Rdd6
27. Nxa6 Rxa6 28. Be3 Rb6 29. Rc1 Bf6 30. Bh6 Ne7 31. Rc7 Rd6 32. Rxb7 Nc6 33.
Rc1 Bxd4 34. Rxc6 1-0

[Event "Open Semana Santa 2023"]
[Site "?"]
[Date "2023.04.09"]
[Round "8.34"]
[White "IM Garcia Martin, Marta"]
[Black "FM Davtyan, David Arm."]
[Result "1/2-1/2"]
[WhiteElo "2291"]
[BlackElo "2374"]
[PlyCount "44"]

1. e4 c5 2. Nf3 Nc6 3. Bb5 e6 4. O-O Nge7 5. d4 cxd4 6. Nxd4 a6 7. Be2 Nxd4 8.
Qxd4 Nc6 9. Qc3 b5 10. Bf4 Bb7 11. Nd2 Rc8 12. a4 Nb4 13. Qg3 Nxc2 14. Rac1 Nd4
15. Bd3 f6 16. Be3 Nc6 17. axb5 axb5 18. Bxb5 Qc7 19. Qg4 Qe5 20. Qe2 Be7 21.
f4 Qb8 22. Nc4 Na7 1/2-1/2

[Event "Open Semana Santa 2023"]
[Site "?"]
[Date "2023.04.09"]
[Round "8.35"]
[White "GM Plaskett, H James"]
[Black "Centeno Mendoza, Julio Stefano"]
[Result "1/2-1/2"]
[WhiteElo "2371"]
[BlackElo "2088"]
[PlyCount "81"]

1. d4 d5 2. Bg5 Nf6 3. Bxf6 exf6 4. e3 Bd6 5. Bd3 Qe7 6. Qf3 c6 7. Nd2 g6 8. c4
dxc4 9. Bxc4 f5 10. Ne2 Nd7 11. Nc3 Nf6 12. O-O-O Be6 13. Bxe6 Qxe6 14. Rhe1
O-O-O 15. e4 fxe4 16. Ndxe4 Nxe4 17. Rxe4 Qd7 18. d5 f5 19. Re2 Bb4 20. dxc6
Qxc6 21. Qxc6+ bxc6 22. Kc2 Kc7 23. Rxd8 Rxd8 24. Na4 Rd4 25. b3 Ba3 26. f3 Kd7
27. Re3 Rd5 28. Rd3 Kd6 29. Nc3 Rxd3 30. Kxd3 Ke5 31. Nd1 Bc5 32. Ne3 Bxe3 33.
Kxe3 g5 34. Kd3 Kd5 35. g4 fxg4 36. fxg4 Ke5 37. Ke3 Kd5 38. Kd3 Ke5 39. Ke3
Kd5 40. Kd3 Ke5 41. Ke3 1/2-1/2

[Event "Open Semana Santa 2023"]
[Site "?"]
[Date "2023.04.09"]
[Round "8.36"]
[White "IM Kovacevic, Slobodan"]
[Black "IM Vega Gutierrez, Sabrina"]
[Result "0-1"]
[WhiteElo "2225"]
[BlackElo "2370"]
[PlyCount "160"]
[EventDate "2023.??.??"]

1. d4 d5 2. Bf4 e6 3. e3 Bd6 4. Bg3 Nf6 5. Nd2 O-O 6. Ngf3 c5 7. c3 b6 8. Ne5
Qc7 9. a4 Nbd7 10. Ndf3 c4 11. Qc2 Bb7 12. Be2 a6 13. O-O h6 14. b3 b5 15. Nxd7
Nxd7 16. Bxd6 Qxd6 17. Rfb1 Bc6 18. axb5 axb5 19. b4 f6 20. Nh4 Nb6 21. Bh5 Ra4
22. Bg6 Rfa8 23. Qc1 Qb8 24. Bc2 Ra2 25. Ng6 Bd7 26. Rxa2 Rxa2 27. Ra1 Qa7 28.
Rxa2 Qxa2 29. Bb1 Qa1 30. Nf4 Kf8 31. f3 Na4 32. Ne2 e5 33. h3 Ke7 34. Kf2 Kd6
35. Qc2 exd4 36. exd4 Kc6 37. h4 Nb2 38. Qc1 Qa3 39. Qd2 Qb3 40. Ke1 Na4 41.
Qc1 Nxc3 42. Nxc3 Qxb4 43. Bg6 Qd6 44. Bf7 Qe7+ 45. Kf2 Qxf7 46. Qa3 Kb7 47.
Qc5 Qe6 48. Qf8 Qb6 49. Ke3 b4 50. Ne2 b3 51. Qxg7 Qe6+ 52. Kd2 b2 53. Nc3 Qf5
54. Ke2 Qc2+ 55. Kf1 b1=Q+ 56. Nxb1 Qxb1+ 57. Kf2 Qc2+ 58. Kg3 Qf5 59. Qxh6 c3
60. Qf8 Qg6+ 61. Kh2 Qd3 62. Qb4+ Kc7 63. Qa5+ Kd6 64. Qc5+ Ke6 65. Qb6+ Kf7
66. Qc7 Ke8 67. Qb8+ Ke7 68. Qb4+ Kf7 69. Qd6 Qf5 70. Qc7 c2 71. g4 c1=Q 72.
Qxc1 Qxf3 73. Qh6 Qxg4 74. Qh7+ Ke6 75. h5 Qh4+ 76. Kg2 Qe4+ 77. Qxe4+ dxe4 78.
h6 Kf7 79. Kg3 Kg6 80. Kf4 f5 0-1

[Event "Open Semana Santa 2023"]
[Site "?"]
[Date "2023.04.09"]
[Round "8.37"]
[White "FM Fernandez Siles, Luis"]
[Black "IM Vassallo Barroche, Mauricio"]
[Result "1/2-1/2"]
[WhiteElo "2222"]
[BlackElo "2361"]
[Annotator "Usuario"]
[PlyCount "39"]

1. e4 c5 2. Nf3 g6 3. d4 cxd4 4. Qxd4 Nf6 5. Nc3 Nc6 6. Qa4 d6 7. e5 dxe5 8.
Nxe5 Bd7 9. Nxd7 Qxd7 10. Be3 Bg7 11. Rd1 Qe6 12. Rd4 Qc8 13. Bb5 O-O 14. Rc4
Qf5 15. O-O Ne5 16. Rc7 a6 17. Be2 b5 18. Qf4 Qe6 19. Bd4 Ned7 20. Qe3 $11
1/2-1/2

[Event "Open Semana Santa 2023"]
[Site "?"]
[Date "2023.04.09"]
[Round "8.38"]
[White "Iglesias Ferreira, Andres"]
[Black "FM Martins, Bruno Andre Leite"]
[Result "0-1"]
[WhiteElo "2150"]
[BlackElo "2348"]
[PlyCount "91"]

1. e4 e6 2. d4 d5 3. Nd2 c5 4. exd5 Qxd5 5. Ngf3 cxd4 6. Bc4 Qd6 7. O-O Nf6 8.
Nb3 Nc6 9. Nbxd4 Nxd4 10. Nxd4 Be7 11. c3 O-O 12. Re1 a6 13. Qf3 Qc7 14. Bb3
Bd6 15. h3 b5 16. Bg5 Bb7 17. Qd3 Nd5 18. Bc2 g6 19. Qf3 Be5 20. Be4 Bg7 21.
Rad1 Rfe8 22. h4 h6 23. Bc1 Rac8 24. h5 g5 25. g4 Qb6 26. Nc2 Bc6 27. Nd4 Ba8
28. a3 Qc5 29. Nc2 a5 30. Ne3 b4 31. cxb4 axb4 32. a4 b3 33. Nxd5 exd5 34. Qf5
Qe7 35. Qh7+ Kf8 36. Bd3 Qxe1+ 37. Rxe1 Rxe1+ 38. Kg2 Rcxc1 39. f4 gxf4 40. g5
Rc6 41. g6 f5 42. Bxf5 d4 43. Kh3 Rf6 44. Bd3 Bd5 45. a5 Bf3 46. Bf1 0-1

[Event "Open Semana Santa 2023"]
[Site "?"]
[Date "2023.04.09"]
[Round "8.39"]
[White "IM Minzer, Claudio Javier"]
[Black "Mompel Ferruz, Xavier"]
[Result "1/2-1/2"]
[WhiteElo "2417"]
[BlackElo "2195"]
[PlyCount "138"]
[EventDate "2023.??.??"]

1. Nf3 d5 2. c4 c6 3. Qc2 Nf6 4. g3 Nbd7 5. d4 e6 6. Bg2 Bd6 7. O-O O-O 8. Nc3
dxc4 9. Nd2 e5 10. Nxc4 Bc7 11. Rd1 exd4 12. Rxd4 Qe7 13. b3 Bb6 14. Nxb6 Nxb6
15. Bf4 Nbd5 16. Nxd5 Nxd5 17. Bxd5 cxd5 18. Rxd5 Be6 19. Rd4 Rfd8 20. Rad1
Rxd4 21. Rxd4 Rd8 22. Be3 Rxd4 23. Bxd4 a6 24. h4 Qd7 25. Qc3 f6 26. f3 Bd5 27.
e4 Bc6 28. Kg2 h5 29. Qc5 Qe8 30. Kf2 Qd7 31. Kg2 Qe8 32. Be3 Qf7 33. Kf2 Qd7
34. Qc4+ Kh8 35. Kg2 Qe8 36. Bf4 Qe7 37. Qc3 Kg8 38. Qd2 Qd7 39. Bd6 Qe6 40.
Qd4 a5 41. Bf4 a4 42. Qc3 axb3 43. axb3 f5 44. e5 Qd5 45. Bc1 Kf7 46. Qe3 Ke6
47. Bb2 Qd1 48. b4 Qc2+ 49. Qf2 Qxf2+ 50. Kxf2 g6 51. Ke3 Bb5 52. Kf4 Bc6 53.
g4 fxg4 54. fxg4 hxg4 55. Kxg4 Be4 56. Kf4 Bc6 57. Kg5 Be4 58. Bc3 Bd3 59. Kf4
b5 60. Bb2 Bc4 61. Ke4 Bf1 62. Bd4 Bc4 63. Ba1 Bf1 64. Kf4 Bd3 65. Kg5 Be4 66.
Bd4 Bd3 67. Kf4 Bc4 68. Bc3 Bf1 69. Ke3 Bc4 1/2-1/2

[Event "Open Semana Santa 2023"]
[Site "?"]
[Date "2023.04.09"]
[Round "8.40"]
[White "Jordan Martinez, David"]
[Black "FM Czopor, Maciej"]
[Result "0-1"]
[WhiteElo "2137"]
[BlackElo "2403"]
[PlyCount "88"]

1. e4 c5 2. Nf3 e6 3. d4 cxd4 4. Nxd4 Nc6 5. Nb5 d6 6. c4 Nf6 7. N1c3 a6 8. Nd4
Bd7 9. Be2 Rc8 10. Nc2 Ne5 11. Ne3 Be7 12. O-O O-O 13. f3 Qc7 14. Bd2 Qb8 15.
a4 Bd8 16. Kh1 Bb6 17. f4 Ng6 18. a5 Bd4 19. Bd3 Bc6 20. Qc2 d5 21. e5 Bxc3 22.
Bxc3 Ne4 23. Bxe4 dxe4 24. Bb4 Rfd8 25. Bd6 Rxd6 26. exd6 Qxd6 27. Rad1 Qc7 28.
g3 Qxa5 29. Qd2 Qb6 30. Qc3 a5 31. Rd2 a4 32. h3 h5 33. f5 exf5 34. Nxf5 f6 35.
Kh2 Qc7 36. Nd6 Rf8 37. Qd4 h4 38. c5 hxg3+ 39. Kg1 Ne5 40. Nxe4 Qc8 41. Kg2
Nf7 42. Kxg3 Bxe4 43. Qxe4 Qxc5 44. Qxa4 Qe3+ 0-1

[Event "Open Semana Santa 2023"]
[Site "?"]
[Date "2023.04.09"]
[Round "8.41"]
[White "FM Bettalli, Francesco"]
[Black "IM Cruz Lledo, Pablo"]
[Result "1-0"]
[WhiteElo "2200"]
[BlackElo "2395"]
[Annotator "Usuario"]
[PlyCount "51"]

1. e4 g6 2. d4 Bg7 3. Nc3 c6 4. h3 d5 5. e5 f6 6. f4 Nh6 7. g4 O-O 8. Nf3 Nf7
9. Be3 e6 10. h4 c5 11. exf6 Bxf6 12. h5 cxd4 13. Bxd4 Bxd4 14. Qxd4 Nc6 15.
Qd2 Qf6 $11 16. hxg6 hxg6 17. Bd3 Nb4 18. g5 Qg7 19. O-O-O Bd7 20. Rh4 Rac8 21.
Kb1 e5 22. f5 Nxg5 23. Nxg5 Nxd3 24. Qxd3 d4 25. Rh7 Qf6 26. Nce4 1-0

[Event "Open Semana Santa 2023"]
[Site "?"]
[Date "2023.10.09"]
[Round "8.42"]
[White "O`cuilleanain, Oisin"]
[Black "IM Ajay Krishna, S."]
[Result "0-1"]
[WhiteElo "2122"]
[BlackElo "2382"]
[PlyCount "112"]

1. e4 c5 2. Nf3 d6 3. Bb5+ Bd7 4. c4 Nf6 5. Nc3 g6 6. O-O Bg7 7. Bxd7+ Nbxd7 8.
d4 cxd4 9. Nxd4 O-O 10. f3 Qa5 11. Nd5 Nxd5 12. cxd5 Ne5 13. Nb3 Qb6+ 14. Kh1
a5 15. Qe2 a4 16. Be3 Qa6 17. Nd4 Qxe2 18. Nxe2 Nc4 19. Bd4 Nxb2 20. a3 Rfc8
21. Bxg7 Kxg7 22. Rfc1 Nd3 23. Rcb1 Rc2 24. Nd4 Rc4 25. Nb5 Ra5 26. Kg1 Nc5 27.
Rb4 Rxb4 28. axb4 Rxb5 29. bxc5 Rxc5 30. Rxa4 f5 31. Ra7 Rb5 32. Kf2 fxe4 33.
fxe4 Kf6 34. Ra8 Rb4 35. Kf3 h5 36. h4 Rb1 37. Rf8+ Kg7 38. Rb8 b5 39. e5 dxe5
40. Rb7 Kf6 41. Ke4 Rb4+ 42. Ke3 Rb2 43. g3 Rb3+ 44. Ke4 Rb4+ 45. Ke3 Rg4 46.
Kf2 b4 47. Rb6+ Kf5 48. Rb7 Rd4 49. Kf3 e4+ 50. Ke3 Rd3+ 51. Kf2 b3 52. Rb5 Ke5
53. Rb6 Kxd5 54. Rxg6 Rf3+ 55. Kg2 Rf6 56. Rg5+ e5 0-1

[Event "Open Semana Santa 2023"]
[Site "?"]
[Date "2023.04.09"]
[Round "8.43"]
[White "FM Carnicelli, Valerio"]
[Black "Jordan Martinez, Miguel"]
[Result "1-0"]
[WhiteElo "2370"]
[BlackElo "2186"]
[PlyCount "67"]

1. e4 e6 2. d4 d5 3. Nc3 Nf6 4. e5 Nfd7 5. f4 c5 6. Nf3 Nc6 7. Be3 a6 8. Qd2 b5
9. dxc5 Bxc5 10. Bd3 Qb6 11. Bf2 Bxf2+ 12. Qxf2 Qxf2+ 13. Kxf2 O-O 14. Rhe1 f6
15. exf6 Rxf6 16. g3 b4 17. Nd1 e5 18. Ne3 Nb6 19. Rad1 Be6 20. Ng5 exf4 21.
gxf4 Raf8 22. Bxh7+ Kh8 23. Kg3 g6 24. Ng2 Bf5 25. h4 Bxc2 26. Rc1 Be4 27. f5
gxf5 28. Nf4 Nc4 29. h5 Nxb2 30. Ng6+ Kg7 31. Nxf8 f4+ 32. Kh4 Bxh7 33. Nfxh7
Nd3 34. Nxf6 1-0

[Event "Open Semana Santa 2023"]
[Site "?"]
[Date "2023.04.09"]
[Round "8.44"]
[White "IM Chueca Forcen, Alberto"]
[Black "FM Buenafe Moya, Javier"]
[Result "1-0"]
[WhiteElo "2359"]
[BlackElo "2188"]
[PlyCount "95"]

1. c4 e5 2. Nc3 Nc6 3. g3 Nf6 4. Bg2 Bc5 5. e3 O-O 6. a3 a5 7. Nge2 d6 8. d4
exd4 9. exd4 Ba7 10. O-O Re8 11. h3 h6 12. b4 axb4 13. axb4 Nxb4 14. Ra4 c5 15.
dxc5 dxc5 16. Qxd8 Rxd8 17. Be3 Bd7 18. Rxa7 Rxa7 19. Bxc5 Ra3 20. Bxb4 Rb3 21.
Be7 Rc8 22. Bxf6 gxf6 23. Ne4 Kg7 24. Nd6 Rc7 25. Nd4 Rb6 26. N6f5+ Kf8 27. Ra1
Ra6 28. Rb1 Ra5 29. Ne3 Ra4 30. h4 Be6 31. Bxb7 Ke7 32. Ndf5+ Ke8 33. Bd5 h5
34. Ng7+ Ke7 35. Nxh5 Rca7 36. Kg2 Ra2 37. Nf4 R7a3 38. Bxe6 fxe6 39. Rb7+ Ke8
40. Ng4 f5 41. Nf6+ Kd8 42. Nxe6+ Kc8 43. Rc7+ Kb8 44. Nd7+ Ka8 45. Rc5 Rd3 46.
Ndf8 f4 47. Nxf4 Rdd2 48. Nh3 1-0

[Event "Open Semana Santa 2023"]
[Site "?"]
[Date "2023.04.09"]
[Round "8.45"]
[White "GM Campora, Daniel H"]
[Black "Hercegovac, Neven"]
[Result "1-0"]
[WhiteElo "2348"]
[BlackElo "2153"]
[PlyCount "183"]
[EventDate "2023.??.??"]

1. e4 c5 2. Nf3 Nc6 3. Bb5 g6 4. Bxc6 dxc6 5. d3 Bg7 6. O-O Nf6 7. Nc3 Nd7 8.
Be3 e5 9. a3 Qe7 10. Qd2 h6 11. Rfe1 b6 12. h3 Nf8 13. b4 Ne6 14. bxc5 bxc5 15.
Na4 Nd4 16. Bxd4 cxd4 17. Qb4 Qf6 18. c3 dxc3 19. d4 exd4 20. e5 Qe7 21. Qxe7+
Kxe7 22. Nxd4 Re8 23. Re3 Kf8 24. Rae1 Ba6 25. Nxc3 Rac8 26. f4 Kg8 27. Ne4
Red8 28. Nb3 Bf8 29. Nbc5 Bc4 30. Rc3 Rd4 31. Kf2 Bd5 32. Ke3 Rc4 33. Rxc4 Bxc4
34. Kd4 Bd5 35. Nd6 Rb8 36. g3 Rb2 37. Re3 Be7 38. Nce4 Kf8 39. Nf6 Be6 40. Rc3
Bd8 41. g4 Bb6+ 42. Ke4 Rb3 43. Rxb3 Bxb3 44. f5 Bc2+ 45. Kf4 g5+ 46. Kf3 Bd4
47. Nc8 c5 48. Nxa7 Bb2 49. Nc6 Ba4 50. Nd7+ Kg7 51. f6+ Kh7 52. Ncb8 c4 53. e6
fxe6 54. f7 Bg7 55. f8=Q Bxf8 56. Nxf8+ Kg7 57. Nxe6+ Kf6 58. Nc5 c3 59. Nbd7+
Ke7 60. Ne5 c2 61. Ncd3 Ke6 62. Ke4 Bb5 63. Kd4 Ba6 64. Nc5+ Kf6 65. Ned3 Bc8
66. Ne4+ Kg6 67. Kc3 h5 68. Ne5+ Kh6 69. Kxc2 hxg4 70. hxg4 Bxg4 71. Nxg4+ Kg6
72. Ng3 Kf7 73. Kd3 Ke6 74. Kc4 Kd6 75. Kd4 Ke6 76. Kc5 Kd7 77. Nf5 Ke6 78. Nd6
Kd7 79. Kd5 Ke7 80. Ne4 Kd7 81. Nef6+ Ke7 82. Ke5 Kf7 83. Kd6 Kg6 84. Ke6 Kg7
85. Ne4 Kg6 86. Ng3 Kg7 87. Ke7 Kg6 88. Kf8 Kh7 89. Kf7 Kh8 90. Ne4 Kh7 91.
Nef6+ Kh8 92. Ne5 1-0

[Event "Open Semana Santa 2023"]
[Site "?"]
[Date "2023.04.09"]
[Round "8.46"]
[White "FM Carbonell Sancho, Marc"]
[Black "Ontanon Gomez, Pablo"]
[Result "0-1"]
[WhiteElo "2346"]
[BlackElo "2136"]
[PlyCount "80"]

1. e4 c5 2. Nf3 Nc6 3. d4 cxd4 4. Nxd4 g6 5. c4 Nf6 6. Nc3 Nxd4 7. Qxd4 d6 8.
Be2 Bg7 9. Be3 O-O 10. Qd2 a5 11. O-O a4 12. Bd4 Qa5 13. Rad1 Bd7 14. Qe3 Bc6
15. f4 Nd7 16. Bxg7 Kxg7 17. Kh1 Qb4 18. Rd2 Rfe8 19. Bd3 a3 20. Qd4+ f6 21.
Be2 axb2 22. Rb1 e5 23. fxe5 fxe5 24. Nd5 Bxd5 25. Qxd5 Rxa2 26. Qxd6 Qxd6 27.
Rxd6 Nc5 28. Rb6 Rea8 29. Kg1 Nxe4 30. Rxb7+ Kh6 31. R1xb2 Rxb2 32. Rxb2 Ra1+
33. Bf1 Rd1 34. Rc2 Nd2 35. Kf2 Nxf1 36. Ke2 Ra1 37. Kf2 Nxh2 38. Kg3 Nf1+ 39.
Kf2 Kg5 40. c5 Nh2 0-1

[Event "Open Semana Santa 2023"]
[Site "?"]
[Date "2023.04.09"]
[Round "8.47"]
[White "WIM Kamalidenova, Meruert"]
[Black "Ereza Vizcarra, Fernando"]
[Result "1-0"]
[WhiteElo "2342"]
[BlackElo "2131"]
[PlyCount "77"]
[EventDate "2023.??.??"]

1. e4 d6 2. d4 Nf6 3. Nc3 e5 4. Nf3 Nbd7 5. Bc4 Be7 6. O-O O-O 7. Re1 c6 8. a4
b6 9. h3 a6 10. Ba2 Rb8 11. Be3 b5 12. axb5 axb5 13. b4 Qc7 14. Bb3 exd4 15.
Nxd4 d5 16. Ra7 Rb7 17. Rxb7 Bxb7 18. exd5 Bxb4 19. Bd2 Bc5 20. Nxc6 Bxc6 21.
dxc6 Qxc6 22. Be3 Bxe3 23. Rxe3 Nb6 24. Qd4 Nc4 25. Rg3 Kh8 26. Nxb5 Qxb5 27.
Qxc4 Qxc4 28. Bxc4 Rc8 29. Bb3 Ne4 30. Re3 f5 31. f3 Nf6 32. Re6 Rc5 33. Kf2 h6
34. Ke3 Nh5 35. g4 fxg4 36. fxg4 Rc3+ 37. Kd4 Rxh3 38. gxh5 Rxh5 39. Bd5 1-0